| 000 | 00633nam a2200229Ia 4500 | ||
|---|---|---|---|
| 003 | OSt | ||
| 005 | 20230620122431.0 | ||
| 008 | 210423s2013 xx 000 0 und d | ||
| 020 | _a978-93-921355-3-3 | ||
| 040 | _cAL | ||
| 041 | _aeng | ||
| 082 |
_a302.2072 _223 _bKISH |
||
| 100 |
_aKISHORE (Devesh) _9108372 |
||
| 245 | _aHandbook of communication research | ||
| 260 |
_aBhopal _bMakhanlal Chaturvedi National University _c2013 |
||
| 300 |
_a352 _bPB |
||
| 365 |
_b400 _cINR |
||
| 650 |
_aCommunication _9108373 |
||
| 650 |
_aSocial Interaction _9108374 |
||
| 906 | _acommunication ; Handbook ; research | ||
| 942 |
_2ddc _cBK |
||
| 999 |
_c166724 _d166724 |
||